| 000 | 00523cam a2200169 4500500 | ||
|---|---|---|---|
| 005 | 20260405000331.0 | ||
| 041 | _afre | ||
| 042 | _adc | ||
| 100 | 1 | 0 |
_aBohac, Barbara _eauthor |
| 245 | 0 | 0 | _aArthur Danto / Andy Warhol. Objet décapant |
| 260 | _c2006. | ||
| 500 | _a83 | ||
| 690 | _aAndy Warhol | ||
| 690 | _aPop art | ||
| 786 | 0 | _nPhilosophie magazine | 5 | 12 | 2006-12-01 | p. 50-50 | 1951-1787 | |
| 856 | 4 | 1 | _uhttps://shs.cairn.info/magazine-philosophie-magazine-2006-12-page-50?lang=fr&redirect-ssocas=7080 |
| 999 |
_c2036063 _d2036063 |
||